UBT Library

Ahead of the curve : (Record no. 39293)

000 -LEADER
fixed length control field 00922cam a2200289 a 4500
001 - CONTROL NUMBER
control field 16152072
005 - DATE AND TIME OF LATEST TRANSACTION
control field 20171221091153.0
008 - FIXED-LENGTH DATA ELEMENTS--GENERAL INFORMATION
fixed length control field 100324s2007 inua b 000 0 eng d
010 ## - LIBRARY OF CONGRESS CONTROL NUMBER
LC control number 2010291373
020 ## - INTERNATIONAL STANDARD BOOK NUMBER
International Standard Book Number 1934009067
020 ## - INTERNATIONAL STANDARD BOOK NUMBER
International Standard Book Number 9781934009062
035 ## - SYSTEM CONTROL NUMBER
System control number (OCoLC)ocn173351110
040 ## - CATALOGING SOURCE
Original cataloging agency YDXCP
Transcribing agency YDXCP
Modifying agency TXA
-- SHH
-- OCLCG
-- UPM
-- AKP
-- NIE
-- DLC
041 ## - LANGUAGE CODE
Language code of text/sound track or separate title eng
042 ## - AUTHENTICATION CODE
Authentication code lccopycat
043 ## - GEOGRAPHIC AREA CODE
Geographic area code n-us---
080 ## - UNIVERSAL DECIMAL CLASSIFICATION NUMBER
Universal Decimal Classification number 371.26 REE
082 04 - DEWEY DECIMAL CLASSIFICATION NUMBER
Classification number 371.26 REE
100 ## - Rafti
Rafti 46
101 ## - Shkurtesa
Shkurtesa EDU
245 00 - TITLE STATEMENT
Title Ahead of the curve :
Statement of responsibility, etc [Douglas Reeves, editor].
504 ## - BIBLIOGRAPHY, ETC. NOTE
Bibliography, etc Includes bibliographical references.
906 ## - LOCAL DATA ELEMENT F, LDF (RLIN)
a 7
b cbc
c copycat
d 2
e ncip
f 20
g y-gencatlg
942 ## - ADDED ENTRY ELEMENTS (KOHA)
Source of classification or shelving scheme
Item type Books
Holdings
Withdrawn status Lost status Source of classification or shelving scheme Damaged status Not for loan Collection code Permanent location Current location Shelving location Date acquired Total Checkouts Full call number Barcode Date last seen Price effective from Koha item type
          Koleksioni i përgjithshem UBT - Lipjan UBT - Lipjan Koleksioni i përgjithshem 12/21/2017   371.26 REE 002-2939549 12/21/2017 12/21/2017 Books
UBT Library © 2015-2024. All rights reserved University Education for Business and Technology